Дело по отношению канцелярии господина министра внутренних дел о дозволении коллежскому советнику Руничу вступить на службу

Доступно только в Электронных читальных залах Найти на картеНа карте
RUSMARC
00003690nmc2a2200000 x 450
0010bab1737-ffc1-4087-b2d5-1e7132378010
00520160921161621.0
100##$a20151204l18401840k l0rusy0189 ca
1010#$arus
102##$aRU
2001#$aДело по отношению канцелярии господина министра внутренних дел о дозволении коллежскому советнику Руничу вступить на службу
$j16 августа 1840 г.
251##$cДело
300##$aДело
801#0$aRU
$bРГИА
$c20151204
$gRCR
801#1$aRU
$bГлавНИВЦ
$c20151204
$2rusmarc
801#2$aRU
$bПБ им. Б.Н. Ельцина
$c20160921
$gRCR
$2rusmarc
850##$aРГИА
852##$aРГИА
$eФедеральное казенное учреждение "Российский государственный исторический архив" (РГИА)
$j350
937##$hРГИА
$d12182147
$aASBIBLIO_SCAN
462#0$100182a3c710-8165-48f7-9dde-eb772a2525eb
$12001
$a1838-1840 гг. Дела Департамента полиции исполнительной МВД за 1840 г.
$1251
$cОпись
$1852
$j7
461#0$10013e300ed0-cd39-49af-8489-5ba5b90fa401
$12001
$aДепартамент полиции исполнительной МВД
$1251
$cФонд
$1852
$j1286
215##$a5 л.
$d36,5х26 см
371##$aДокумент не является опубликованным и широко распространяемым
105##$ay###
1220#$ad
035##$a0bab1737-ffc1-4087-b2d5-1e7132378010
856##$uhttp://readingroom.main.prlib.ru/item.aspx?id_node=n86180184&mode=full
Формат отображения